skbl

Dr Suryya Kumar Bhuyan Library Web-OPAC
ডঃ সূৰ্য্য
কুমাৰ ভূঞা পুথিভঁৰাল ৱেব-অ'পেক

All Research Scholars are advised to clear the annual library fees to continue using Library Resources, Remote Access, Plagiarism Test and Library Clearance.

Cotton University Book Fair 2026

Introduction to Quantun Mechanics / (Record no. 3610)

MARC details
000 -LEADER
fixed length control field 00615nam a2200217Ia 4500
001 - CONTROL NUMBER
control field 3622
008 - FIXED-LENGTH DATA ELEMENTS--GENERAL INFORMATION
fixed length control field 170918s1935 ii g b000 u 465 u
082 ## - DEWEY DECIMAL CLASSIFICATION NUMBER
Classification number 530.12
100 ## - MAIN ENTRY--PERSONAL NAME
Personal name Pauling, Linus .
245 #0 - TITLE STATEMENT
Title Introduction to Quantun Mechanics /
Statement of responsibility, etc. Linus Pauling & E. Bright Wilson.
Medium Textual Documents
250 ## - EDITION STATEMENT
Edition statement 1st ed. /
260 ## - PUBLICATION, DISTRIBUTION, ETC.
Place of publication, distribution, etc. New York :
Name of publisher, distributor, etc. McGraw - Hill book company ,
Date of publication, distribution, etc. 1935.
300 ## - PHYSICAL DESCRIPTION
Extent xi, 445p. ;
Dimensions 21cm.
504 ## - BIBLIOGRAPHY, ETC. NOTE
Bibliography, etc. note Index
653 ## - INDEX TERM--UNCONTROLLED
Uncontrolled term Physics
653 ## - INDEX TERM--UNCONTROLLED
Uncontrolled term Mechanics-Quantum
653 ## - INDEX TERM--UNCONTROLLED
Uncontrolled term Quantun Mechanics
653 ## - INDEX TERM--UNCONTROLLED
Uncontrolled term PG-Mathematics
700 ## - ADDED ENTRY--PERSONAL NAME
Personal name Wilson, E. Bright .
942 ## - ADDED ENTRY ELEMENTS (KOHA)
Source of classification or shelving scheme Dewey Decimal Classification
Koha item type Books
Holdings
Withdrawn status Lost status Damaged status Not for loan Home library Current library Date acquired Coded location qualifier Total checkouts Full call number Barcode Date last seen Copy number Price effective from Koha item type
        Dr. Suryya Kumar Bhuyan Library Dr. Suryya Kumar Bhuyan Library 01/02/2012 00000   530.12 Pa 28 In 59095 13/01/2024 1 01/02/2012 Books

Designed and Maintained by Team SKBL
©1901-2026

Powered by Koha